| 000 | 00670nam a22002057a 4500 | ||
|---|---|---|---|
| 008 | 151012b xxu||||| |||| 00| 0 eng d | ||
| 020 | _a0669417327 | ||
| 041 | 0 | _aeng | |
| 080 | _a512.5 | ||
| 100 | 1 | _aLarson, Ron, | |
| 245 | 1 | 0 |
_aCollege algebra : _cRoland E. Larson, Robert P. Hostetler, Bruce H. Edwards, with the assistance of David E. Heyd. |
| 250 | _a2nd ed., instructor's annotated ed. | ||
| 260 |
_aBoston : _bHoughton Mifflin, _c1997. |
||
| 300 |
_a1 v. (various pagings) : _bme il.; _c24 cm. |
||
| 650 | 0 | _aAlgjebra | |
| 700 | 1 | _aHostetler, Robert P. | |
| 700 | 1 | _aEdwards, Bruce H., | |
| 700 | 1 | _aHeyd, David E. | |
| 942 |
_2udc _cBK |
||
| 999 |
_c1253 _d1253 |
||